| 000 | 01383 a2200229 4500 | ||
|---|---|---|---|
| 020 | _a0132729156 | ||
| 020 | _a9780132729154 | ||
| 082 | 0 | 4 | _a003 |
| 090 |
_c2329 _d2329 |
||
| 100 | 1 | _aTaha, Hamdy A. | |
| 245 | 1 | 0 |
_aOperations research : _ban introduction / _cHamdy A. Taha. |
| 250 | _a6 Har/Dis ed. | ||
| 260 |
_a[S.l.] : _bPrentice Hall, _c1996. |
||
| 300 |
_a916 p. ; _c25 cm. |
||
| 490 | 1 | _a6th edition. | |
| 500 | _aHardcover. | ||
| 520 | _aAppropriate for a variety of junior and senior undergraduate and first year graduate courses in operations research. Among these courses are Industrial Engineering, Business Administration, Statistics, Computer Science, and Mathematics. Major revision is designed to meet the needs of beginning through advanced students with an emphasis placed on the formulation and applications aspects. Provides balanced coverage of theory, applications and computations of operations research techniques. Numerical examples are main vehicle for explaining new ideas with each numeric example followed by a set of problems. TORA and SIMNET software included in text. More than 1,000 problems. | ||
| 830 | 0 | _a6th edition. | |
| 856 | 4 | 0 |
_3Amazon.com _uhttp://www.amazon.com/exec/obidos/ASIN/0132729156/chopaconline-20 |
| 856 | 4 | 0 |
_3Amazon customer reviews _uhttp://www.chopac.org/cgi-bin/tools/azrev.pl?q=0132729156 |
| 942 |
_aNBS _cBK _k003 TAH |
||
| 999 |
_c344830 _d344830 |
||